[Event "SVG Plettenberg 1 - SV Würselen 1"]
[Site "Oberliga NRW 2014/2015"]
[Date "2014.09.14"]
[Round "1.1"]
[White "Hovhannisyan, Mher"]
[Black "Szabo, Gergely-Andras-Gyul"]
[Result "0-1"]
[WhiteElo "2507"]
[BlackElo "2524"]
[PlyCount "62"]
[EventDate "2014.??.??"]
[WhiteTeam "SV Würselen 1"]
[BlackTeam "SVG Plettenberg 1"]

1. Nf3 c5 2. g3 Nc6 3. Bg2 e5 4. e4 g6 5. O-O Bg7 6. c3 Nge7 7. d3 O-O 8. a3 d5
9. b4 b6 10. b5 Na5 11. exd5 Nxd5 12. Ra2 Nc7 13. Re1 Bb7 14. Rae2 Nxb5 15.
Nxe5 Bxg2 16. Kxg2 Nc6 17. Nxc6 Qd5+ 18. Kg1 Qxc6 19. Qc2 Rad8 20. Bf4 Bxc3 21.
Nxc3 Nd4 22. Qd1 Nf3+ 23. Kf1 Nxh2+ 24. Kg1 Nf3+ 25. Kf1 c4 26. Ne4 f5 27. Rc2
Nxe1 28. Qxe1 Rxd3 29. Ng5 Qh1+ 30. Ke2 Re8+ 31. Be3 Rexe3+ 0-1

[Event "SVG Plettenberg 1 - SV Würselen 1"]
[Site "Oberliga NRW 2014/2015"]
[Date "2014.09.14"]
[Round "1.2"]
[White "Haub, Thorsten Michael"]
[Black "Docx, Stefan"]
[Result "1-0"]
[WhiteElo "2411"]
[BlackElo "2437"]
[PlyCount "125"]
[EventDate "2014.??.??"]
[WhiteTeam "SVG Plettenberg 1"]
[BlackTeam "SV Würselen 1"]

1. g3 g6 2. Bg2 Bg7 3. e4 e5 4. c3 Ne7 5. Nf3 d5 6. exd5 Nxd5 7. O-O O-O 8. d4
exd4 9. Nxd4 c6 10. Nd2 Na6 11. Nc4 Re8 12. h4 Nc5 13. Bg5 f6 14. Bc1 Nb6 15.
Na5 Nba4 16. Nab3 f5 17. Re1 Bd7 18. Nxc5 Nxc5 19. Be3 Qe7 20. Nb5 cxb5 21.
Bxc5 Qxe1+ 22. Qxe1 Rxe1+ 23. Rxe1 Bc6 24. Bxc6 bxc6 25. Re6 Rc8 26. Bxa7 Ra8
27. Re7 f4 28. gxf4 Bf6 29. Rb7 Bxh4 30. a3 Re8 31. Be3 Bf6 32. Kg2 Re7 33.
Rb8+ Kf7 34. Rc8 Re6 35. Kf3 h5 36. Rc7+ Ke8 37. Rh7 Be7 38. Bd4 Bf6 39. f5
gxf5 40. Bxf6 Rxf6 41. Rxh5 Rd6 42. Rxf5 Rd1 43. Re5+ Kd7 44. Re2 Kd6 45. Ke4
Ke6 46. f4 c5 47. Kf3+ Kf6 48. Re5 Rb1 49. Rxc5 Rxb2 50. Ke4 Rb3 51. Rc6+ Ke7
52. Ke5 Rxa3 53. f5 Ra7 54. Kd5 Ra3 55. Ke5 Ra7 56. Rh6 Kf8 57. Rb6 Rc7 58. Kf6
Rf7+ 59. Ke6 Re7+ 60. Kd5 Rc7 61. Rc6 Rb7 62. Kc5 Kf7 63. Kb4 1-0

[Event "SVG Plettenberg 1 - SV Würselen 1"]
[Site "Oberliga NRW 2014/2015"]
[Date "2014.09.14"]
[Round "1.3"]
[White "Beukema, Stefan"]
[Black "Bosch, Jeroen"]
[Result "1/2-1/2"]
[WhiteElo "2285"]
[BlackElo "2342"]
[PlyCount "59"]
[EventDate "2014.??.??"]
[WhiteTeam "SV Würselen 1"]
[BlackTeam "SVG Plettenberg 1"]

1. e4 Nf6 2. e5 Nd5 3. d4 d6 4. Nf3 dxe5 5. Nxe5 c6 6. Be2 Bf5 7. g4 Be6 8. b3
g6 9. c4 Nc7 10. Bb2 Bg7 11. Nd2 Bc8 12. Qc2 Nd7 13. O-O-O Nxe5 14. dxe5 Ne6
15. Qc3 Nf4 16. Qe3 Nxe2+ 17. Qxe2 Qa5 18. Kb1 h5 19. h3 Be6 20. f4 O-O-O 21.
Rhf1 hxg4 22. hxg4 Kb8 23. f5 gxf5 24. gxf5 Bc8 25. f6 exf6 26. exf6 Bf8 27.
Ne4 Bb4 28. Ka1 Bf5 29. Qf3 Bxe4 30. Qxe4 1/2-1/2

[Event "SVG Plettenberg 1 - SV Würselen 1"]
[Site "Oberliga NRW 2014/2015"]
[Date "2014.09.14"]
[Round "1.4"]
[White "Klip, Hans"]
[Black "Goossens, Etienne"]
[Result "1/2-1/2"]
[WhiteElo "2316"]
[BlackElo "2177"]
[PlyCount "120"]
[EventDate "2014.??.??"]
[WhiteTeam "SVG Plettenberg 1"]
[BlackTeam "SV Würselen 1"]

1. e4 e5 2. Nf3 Nc6 3. Bc4 Bc5 4. c3 Nf6 5. d3 O-O 6. O-O d5 7. exd5 Nxd5 8. b4
Be7 9. b5 Na5 10. Bxd5 Qxd5 11. c4 Qd8 12. Bd2 e4 13. Bxa5 exf3 14. Qxf3 a6 15.
bxa6 Rxa6 16. Bc3 Rg6 17. d4 b5 18. Nd2 bxc4 19. Rfe1 Be6 20. Qe2 Qd5 21. f3
Bh4 22. g3 Bf6 23. Ne4 Bxd4+ 24. Bxd4 Qxd4+ 25. Qe3 Qxe3+ 26. Rxe3 Bd5 27. Nc3
Bc6 28. a4 Rd6 29. a5 Rd3 30. Rxd3 cxd3 31. Kf2 g5 32. a6 Ra8 33. a7 Kf8 34.
Ke3 Ke7 35. f4 gxf4+ 36. gxf4 Kd6 37. Ra5 Bb7 38. Kxd3 Kc6 39. Rf5 Rxa7 40. Kd4
Ra1 41. Rf6+ Kd7 42. Rxf7+ Kd6 43. Nb5+ Ke6 44. Rxh7 Ra4+ 45. Kc5 Rxf4 46.
Nxc7+ Kf5 47. Nb5 Bg2 48. Rg7 Bh1 49. Rg1 Ba8 50. Nd4+ Kf6 51. Rg8 Bh1 52. Rf8+
Ke5 53. Re8+ Kf6 54. Ne2 Rh4 55. Rf8+ Kg6 56. Rf2 Rh5+ 57. Kd6 Rf5 58. Rxf5
Kxf5 59. Ng3+ Kg4 60. Nxh1 Kh3 1/2-1/2

[Event "SVG Plettenberg 1 - SV Würselen 1"]
[Site "Oberliga NRW 2014/2015"]
[Date "2014.09.14"]
[Round "1.5"]
[White "Weimann, Maximilian"]
[Black "Jansen, Dirk Norbert"]
[Result "1-0"]
[WhiteElo "2153"]
[BlackElo "2103"]
[PlyCount "67"]
[EventDate "2014.??.??"]
[WhiteTeam "SV Würselen 1"]
[BlackTeam "SVG Plettenberg 1"]

1. e4 e6 2. d4 d5 3. Nc3 Nf6 4. e5 Nfd7 5. f4 c5 6. Nf3 Nc6 7. Be3 a6 8. Qd2
cxd4 9. Nxd4 Bc5 10. O-O-O O-O 11. Nb3 Bxe3 12. Qxe3 b5 13. g4 Bb7 14. Rg1 Rc8
15. Rg3 Qc7 16. Bd3 Nb4 17. Rh3 g6 18. Kb1 Nxd3 19. Qxd3 b4 20. Ne2 a5 21. Nbd4
Nc5 22. Qg3 Ba6 23. Re1 f6 24. exf6 Rxf6 25. Qh4 Rf7 26. f5 Bxe2 27. fxg6 Rf1
28. Rxf1 Bxf1 29. Rf3 hxg6 30. Rxf1 Ne4 31. Qh6 Nc5 32. Rf6 Qh7 33. Rxg6+ Kh8
34. Qg5 1-0

[Event "SVG Plettenberg 1 - SV Würselen 1"]
[Site "Oberliga NRW 2014/2015"]
[Date "2014.09.14"]
[Round "1.6"]
[White "Schulze, Marc"]
[Black "Andok, Claus Michael"]
[Result "1-0"]
[WhiteElo "2074"]
[BlackElo "2100"]
[PlyCount "107"]
[EventDate "2014.??.??"]
[WhiteTeam "SVG Plettenberg 1"]
[BlackTeam "SV Würselen 1"]

1. d4 g6 2. Nf3 Bg7 3. Bf4 d6 4. e3 c6 5. c4 Nd7 6. Nc3 Ngf6 7. h3 a6 8. a4 a5
9. Be2 O-O 10. O-O Re8 11. Re1 Qb6 12. Qc2 e5 13. Bh2 Qd8 14. Rad1 Qe7 15. c5
d5 16. Nxe5 Nxe5 17. Bxe5 Ne4 18. Bxg7 Kxg7 19. Nxe4 dxe4 20. Qc3 Qg5 21. Kh2
Kg8 22. Bc4 Be6 23. Bxe6 fxe6 24. Rb1 Qd5 25. b4 axb4 26. Rxb4 Re7 27. Reb1 Ra7
28. Qb3 Rc7 29. Qxd5 exd5 30. Kg3 Re7 31. R1b2 Kf7 32. Rb6 Kf6 33. a5 Rc7 34.
Ra2 Kg5 35. a6 bxa6 36. Raxa6 Rxa6 37. Rxa6 Kf5 38. Ra8 Ke6 39. f3 exf3 40.
gxf3 Kf5 41. Re8 Kf6 42. Kf4 Kf7 43. Re5 Kf6 44. e4 dxe4 45. fxe4 h6 46. h4 Ra7
47. Re8 g5+ 48. hxg5+ hxg5+ 49. Kg4 Rh7 50. Rf8+ Ke7 51. Rf5 Ke6 52. Rxg5 Rd7
53. Rg6+ Ke7 54. Rg7+ 1-0

[Event "SVG Plettenberg 1 - SV Würselen 1"]
[Site "Oberliga NRW 2014/2015"]
[Date "2014.09.14"]
[Round "1.7"]
[White "Bien, Stefan"]
[Black "Gutheil, Heinrich"]
[Result "1/2-1/2"]
[WhiteElo "2062"]
[BlackElo "2137"]
[PlyCount "35"]
[EventDate "2014.??.??"]
[WhiteTeam "SV Würselen 1"]
[BlackTeam "SVG Plettenberg 1"]

1. d4 g6 2. Nf3 Bg7 3. c3 Nf6 4. Bg5 O-O 5. e3 Ne4 6. Bf4 d5 7. Bd3 c5 8. Nbd2
Bf5 9. Bxe4 dxe4 10. Ng5 cxd4 11. exd4 Nc6 12. O-O e5 13. dxe5 Nxe5 14. Bxe5
Qxg5 15. Bxg7 Kxg7 16. Nc4 Rad8 17. Qe2 Rfe8 18. Ne3 1/2-1/2

[Event "SVG Plettenberg 1 - SV Würselen 1"]
[Site "Oberliga NRW 2014/2015"]
[Date "2014.09.14"]
[Round "1.8"]
[White "Kuhnen, Thomas"]
[Black "Blagojevic, Lubo"]
[Result "1/2-1/2"]
[WhiteElo "2056"]
[BlackElo "2053"]
[PlyCount "117"]
[EventDate "2014.??.??"]
[WhiteTeam "SVG Plettenberg 1"]
[BlackTeam "SV Würselen 1"]

1. e4 e5 2. Bc4 Nf6 3. Nc3 Be7 4. Nf3 d6 5. h3 Nc6 6. O-O O-O 7. d3 Na5 8. Bb3
c5 9. Qe2 Nc6 10. Nd5 Nxd5 11. Bxd5 Nd4 12. Nxd4 cxd4 13. c3 dxc3 14. bxc3 Qc7
15. c4 Be6 16. Be3 Bxd5 17. cxd5 Qd7 18. Rfc1 a6 19. Rc2 Rfc8 20. Rac1 Bd8 21.
d4 exd4 22. Bxd4 Bg5 23. Rxc8+ Rxc8 24. Rxc8+ Qxc8 25. Kh2 b5 26. Qb2 f6 27. g3
Bc1 28. Qb4 Qc7 29. Kg2 Kf7 30. a4 Qc2 31. Kf3 bxa4 32. Qxd6 Qd1+ 33. Kg2 Qxd4
34. Qe6+ Kg6 35. Qg4+ Bg5 36. h4 Qe5 37. hxg5 fxg5 38. d6 h5 39. Qd1 Qxe4+ 40.
f3 Qe8 41. d7 Qd8 42. Qxa4 Kf7 43. Qc4+ Ke7 44. Qd5 Qxd7 45. Qxg5+ Kf8 46. Qxh5
Qd2+ 47. Kf1 Qc1+ 48. Kf2 Qc2+ 49. Kf1 Qb1+ 50. Kf2 Qb6+ 51. Kg2 Qb2+ 52. Kg1
Qa1+ 53. Kg2 a5 54. Qc5+ Kf7 55. Qd5+ Ke7 56. Qc5+ Kf7 57. Qd5+ Kg6 58. Qe4+
Kf6 59. Qc6+ 1/2-1/2

[Event "Düsseldorfer SK 1 - SF Lieme 1"]
[Site "Oberliga NRW 2014/2015"]
[Date "2014.09.14"]
[Round "1.1"]
[White "Wittke, Rene"]
[Black "Stark, Lars"]
[Result "0-1"]
[WhiteElo "2180"]
[BlackElo "2417"]
[PlyCount "66"]
[EventDate "2014.??.??"]
[WhiteTeam "SF Lieme 1"]
[BlackTeam "Düsseldorfer SK 1"]

1. e4 e5 2. Nf3 Nf6 3. d4 Nxe4 4. Bd3 d5 5. O-O exd4 6. Re1 Be7 7. Bxe4 dxe4 8.
Qxd4 Qxd4 9. Nxd4 f5 10. Nb5 Na6 11. Bf4 Bf6 12. N1c3 Bd7 13. f3 O-O 14. Nxc7
Nxc7 15. Bxc7 Bd4+ 16. Kh1 exf3 17. gxf3 Bc6 18. Rf1 Rae8 19. Rad1 Bxc3 20.
bxc3 Re2 21. Rc1 g5 22. Kg1 Rc8 23. Bg3 f4 24. Bf2 Bxf3 25. Rfe1 Rce8 26. h3 a6
27. Rcd1 Rxe1+ 28. Rxe1 Rxe1+ 29. Bxe1 Kf7 30. h4 h6 31. hxg5 hxg5 32. Bf2 Ke6
33. Bb6 g4 0-1

[Event "Düsseldorfer SK 1 - SF Lieme 1"]
[Site "Oberliga NRW 2014/2015"]
[Date "2014.09.14"]
[Round "1.2"]
[White "Schuh, Dirk"]
[Black "Schmitz, Philipp"]
[Result "1-0"]
[WhiteElo "2336"]
[BlackElo "2163"]
[PlyCount "75"]
[EventDate "2014.??.??"]
[WhiteTeam "Düsseldorfer SK 1"]
[BlackTeam "SF Lieme 1"]

1. e4 c5 2. Nf3 d6 3. Bb5+ Bd7 4. Bxd7+ Qxd7 5. O-O Nc6 6. c3 Nf6 7. d4 e6 8.
d5 Ne5 9. Nxe5 dxe5 10. Re1 c4 11. Bg5 Be7 12. Bxf6 gxf6 13. dxe6 Qxe6 14. Qa4+
Kf8 15. Nd2 Rc8 16. Nf1 Bc5 17. Rad1 Kg7 18. Ng3 Rhd8 19. Nf5+ Kf8 20. Qc2 Qb6
21. Kf1 Rxd1 22. Rxd1 Rd8 23. Rd5 Rxd5 24. exd5 Qb5 25. Qd2 Ke8 26. g4 Kd8 27.
Ng3 Bd6 28. h3 a5 29. Ne4 Ke7 30. Qh6 Qxd5 31. Qxf6+ Kd7 32. Nxd6 Qd1+ 33. Kg2
Qd5+ 34. Kh2 Qxd6 35. Qxf7+ Kd8 36. Qg8+ Kc7 37. Qxh7+ Kb6 38. Qe4 1-0

[Event "Düsseldorfer SK 1 - SF Lieme 1"]
[Site "Oberliga NRW 2014/2015"]
[Date "2014.09.14"]
[Round "1.3"]
[White "Essing, Arnold"]
[Black "de Gleria, Francesco"]
[Result "0-1"]
[WhiteElo "2162"]
[BlackElo "2347"]
[PlyCount "82"]
[EventDate "2014.??.??"]
[WhiteTeam "SF Lieme 1"]
[BlackTeam "Düsseldorfer SK 1"]

1. d4 Nf6 2. Nf3 g6 3. c4 Bg7 4. Nc3 c5 5. d5 d6 6. e4 b5 7. cxb5 O-O 8. Be2 a6
9. b6 Nbd7 10. O-O Rb8 11. Re1 Nxb6 12. h3 Ne8 13. Bf1 e5 14. dxe6 fxe6 15. Bg5
Qc7 16. Qd2 Kh8 17. Bh4 Qb7 18. Rac1 Nd7 19. Be7 Rxf3 20. Bxd6 Rxf2 21. Kxf2
Bd4+ 22. Kg3 Nxd6 23. Kh2 Qxb2 24. Rc2 Qb7 25. Kh1 Ne5 26. Qf4 Qg7 27. Ne2 Nd3
28. Qg5 Bf6 29. Qg3 Nxe1 30. Qxd6 Nxc2 31. Qxb8 Qd7 32. Nf4 Nb4 33. Bc4 Nc6 34.
Qa8 Qb7 35. Qxb7 Bxb7 36. Nxe6 Ne5 37. Be2 c4 38. Nc5 c3 39. Bd1 Bc6 40. Nxa6
Bxe4 41. Nb4 Nd3 0-1

[Event "Düsseldorfer SK 1 - SF Lieme 1"]
[Site "Oberliga NRW 2014/2015"]
[Date "2014.09.14"]
[Round "1.4"]
[White "Balster, Stefan"]
[Black "Himpenmacher, Andy"]
[Result "1/2-1/2"]
[WhiteElo "2230"]
[BlackElo "2101"]
[PlyCount "56"]
[EventDate "2014.??.??"]
[WhiteTeam "Düsseldorfer SK 1"]
[BlackTeam "SF Lieme 1"]

1. c4 Nf6 2. Nc3 e6 3. e4 d5 4. e5 d4 5. exf6 dxc3 6. bxc3 Qxf6 7. Nf3 e5 8.
Bd3 Bg4 9. Be4 Nd7 10. h3 Bxf3 11. Bxf3 Nc5 12. O-O O-O-O 13. d4 exd4 14. Rb1
dxc3 15. Qe2 Bd6 16. Be3 Rhe8 17. Qc2 c6 18. Rfd1 Bf8 19. Rdc1 g6 20. Qxc3 Qxc3
21. Rxc3 Bg7 22. Ra3 Bd4 23. Bg5 f6 24. Bg4+ Kb8 25. Bf4+ Be5 26. Be3 Bd4 27.
Bf4+ Be5 28. Be3 Bd4 1/2-1/2

[Event "Düsseldorfer SK 1 - SF Lieme 1"]
[Site "Oberliga NRW 2014/2015"]
[Date "2014.09.14"]
[Round "1.5"]
[White "Schaffarczyk, Andre"]
[Black "Berndt, Axel"]
[Result "1/2-1/2"]
[WhiteElo "2061"]
[BlackElo "2126"]
[PlyCount "43"]
[EventDate "2014.??.??"]
[WhiteTeam "SF Lieme 1"]
[BlackTeam "Düsseldorfer SK 1"]

1. e4 Nf6 2. Nc3 d5 3. e5 Ne4 4. Nce2 f6 5. d3 Ng5 6. Bxg5 fxg5 7. h4 g4 8. d4
g6 9. Ng3 c5 10. dxc5 Qa5+ 11. c3 Qxc5 12. h5 Bg7 13. Qd4 Qa5 14. h6 Bf8 15. e6
Rg8 16. Qxg4 Qb6 17. Qa4+ Nc6 18. O-O-O Bxe6 19. Bb5 O-O-O 20. Nf3 Rd6 21. Bxc6
bxc6 22. Ne5 1/2-1/2

[Event "Düsseldorfer SK 1 - SF Lieme 1"]
[Site "Oberliga NRW 2014/2015"]
[Date "2014.09.14"]
[Round "1.6"]
[White "Partenheimer, Axel"]
[Black "Eckardt, Joshua"]
[Result "0-1"]
[WhiteElo "2069"]
[BlackElo "2060"]
[PlyCount "62"]
[EventDate "2014.??.??"]
[WhiteTeam "Düsseldorfer SK 1"]
[BlackTeam "SF Lieme 1"]

1. Nf3 Nf6 2. c4 c5 3. Nc3 d5 4. cxd5 Nxd5 5. d4 cxd4 6. Qxd4 Nxc3 7. Qxc3 Nc6
8. e4 Bg4 9. Bb5 Rc8 10. Be3 Bxf3 11. gxf3 a6 12. Rd1 Qc7 13. Ba4 e6 14. O-O b5
15. Bb3 Bd6 16. Qxg7 Bxh2+ 17. Kh1 Be5 18. Qh6 Rg8 19. Rg1 Rxg1+ 20. Rxg1 Ne7
21. Bxe6 Rd8 22. Bb6 Qd6 23. Bxd8 Kxd8 24. Qf8+ Kc7 25. Rc1+ Kb6 26. Bb3 Qd2
27. Rc2 Qd3 28. Kg2 Ng6 29. Qxf7 Nf4+ 30. Kg3 h5 31. Qf5 Ng6+ 0-1

[Event "Düsseldorfer SK 1 - SF Lieme 1"]
[Site "Oberliga NRW 2014/2015"]
[Date "2014.09.14"]
[Round "1.7"]
[White "Stork, Holger"]
[Black "von Buenau, Heinrich"]
[Result "0-1"]
[WhiteElo "2050"]
[BlackElo "2149"]
[PlyCount "124"]
[EventDate "2014.??.??"]
[WhiteTeam "SF Lieme 1"]
[BlackTeam "Düsseldorfer SK 1"]

1. e4 e6 2. d3 c5 3. g3 Nc6 4. Bg2 g6 5. Nc3 Bg7 6. Be3 d6 7. Qd2 Rb8 8. Nge2
Nd4 9. O-O Ne7 10. Nd1 O-O 11. Nc1 e5 12. c3 Ne6 13. Ne2 d5 14. exd5 Nxd5 15.
Bh6 b6 16. Bxg7 Nxg7 17. Ne3 Be6 18. Rad1 Rb7 19. f4 Nxe3 20. Qxe3 Nf5 21. Qf2
Rd7 22. fxe5 Rxd3 23. Rxd3 Qxd3 24. g4 Ne7 25. Nf4 Qd7 26. Nxe6 Qxe6 27. Qf6
Rd8 28. Qxe6 fxe6 29. Rf6 Rd1+ 30. Bf1 Nd5 31. Rxe6 Ne3 32. Rf6 Nxg4 33. Rd6
Rb1 34. e6 Kf8 35. Rd3 Nxh2 36. Kxh2 Rxf1 37. Kg3 h5 38. Rd7 Re1 39. Rxa7 Rxe6
40. b4 cxb4 41. cxb4 Re4 42. b5 g5 43. a4 Re3+ 44. Kg2 Re7 45. Ra6 Rb7 46. Kf3
Ke7 47. Ra8 Kf6 48. Rh8 Rf7 49. Kg3 Kg6 50. Rg8+ Kf5 51. Rh8 h4+ 52. Kg2 Rf6
53. Rc8 Rd6 54. Rc4 Rd2+ 55. Kh3 Rd3+ 56. Kh2 g4 57. a5 Rd2+ 58. Kg1 h3 59.
axb6 h2+ 60. Kh1 g3 61. Rh4 Rd1+ 62. Kg2 Rg1+ 0-1

[Event "Düsseldorfer SK 1 - SF Lieme 1"]
[Site "Oberliga NRW 2014/2015"]
[Date "2014.09.14"]
[Round "1.8"]
[White "Herzum, Peter"]
[Black "Stukenbrok, Nils"]
[Result "1/2-1/2"]
[WhiteElo "1943"]
[BlackElo "1991"]
[PlyCount "95"]
[EventDate "2014.??.??"]
[WhiteTeam "Düsseldorfer SK 1"]
[BlackTeam "SF Lieme 1"]

1. e4 c6 2. d4 d5 3. Nc3 dxe4 4. Nxe4 Bf5 5. Ng3 Bg6 6. h4 h6 7. Nf3 Nd7 8. h5
Bh7 9. Bd3 Bxd3 10. Qxd3 e6 11. Bd2 Ngf6 12. O-O-O Qc7 13. Kb1 O-O-O 14. Ne4
Nxe4 15. Qxe4 Bd6 16. Bc1 Rhe8 17. Qg4 Rg8 18. Rhe1 Nf6 19. Qh4 b5 20. Bxh6
Nxh5 21. Qxh5 Rh8 22. Ng5 Rdf8 23. Qf3 Rxh6 24. g3 Rf6 25. Qe2 Rf5 26. f4 Rd8
27. Qe4 Qd7 28. Nf3 Kc7 29. Rd3 b4 30. Ne5 Qe8 31. Nc4 Rb5 32. Ne3 Qd7 33. Rc1
Rdb8 34. Ka1 Be7 35. g4 g6 36. g5 R8b6 37. b3 Ra6 38. Kb2 Rba5 39. Ra1 Bf8 40.
Nc4 Qd5 41. Qxd5 Rxd5 42. Ne5 Bg7 43. Rh1 Bxe5 44. dxe5 Kd7 45. Rh7 Ke7 46. Rh8
Rb6 47. Ra8 Rb7 48. Rc8 1/2-1/2

[Event "SV Mülheim-Nord 2 - SVG Plettenberg 1"]
[Site "Oberliga NRW 2014/2015"]
[Date "2014.10.05"]
[Round "2.1"]
[White "Haub, Thorsten Michael"]
[Black "Dinstuhl, Volkmar"]
[Result "1/2-1/2"]
[WhiteElo "2411"]
[BlackElo "2388"]
[PlyCount "76"]
[EventDate "2014.??.??"]
[WhiteTeam "SVG Plettenberg 1"]
[BlackTeam "SV Mülheim-Nord 2"]

1. Nf3 d5 2. g3 g6 3. Bg2 Bg7 4. d3 Nf6 5. O-O O-O 6. Nbd2 d4 7. Nb3 Nc6 8. Bd2
e5 9. c3 dxc3 10. Bxc3 Nd5 11. Nfd2 b6 12. a4 a5 13. Nc4 Re8 14. Bd2 Be6 15.
Rc1 Qd7 16. Ne3 Rac8 17. Nxd5 Bxd5 18. Bxd5 Qxd5 19. Bc3 Bh6 20. Bd2 Bxd2 21.
Nxd2 Nb4 22. Rc4 c5 23. Qb3 Rcd8 24. Ne4 Kg7 25. Nc3 Qe6 26. Nb5 Rd7 27. Qc3 f6
28. Qc1 Nc6 29. Rh4 Kg8 30. Qh6 Nd4 31. Nxd4 exd4 32. Re4 Qf7 33. Qf4 Rde7 34.
Rxe7 Qxe7 35. Re1 Kg7 36. e4 Qd7 37. b3 Qf7 38. Rb1 Re6 1/2-1/2

[Event "SV Mülheim-Nord 2 - SVG Plettenberg 1"]
[Site "Oberliga NRW 2014/2015"]
[Date "2014.10.05"]
[Round "2.2"]
[White "Zwirs, Nico"]
[Black "Bosch, Jeroen"]
[Result "0-1"]
[WhiteElo "2323"]
[BlackElo "2342"]
[PlyCount "100"]
[EventDate "2014.??.??"]
[WhiteTeam "SV Mülheim-Nord 2"]
[BlackTeam "SVG Plettenberg 1"]

1. d4 Nf6 2. c4 d6 3. Nf3 Nbd7 4. Nc3 c6 5. e4 e5 6. Be2 Be7 7. O-O O-O 8. d5
Nc5 9. Qc2 cxd5 10. exd5 a5 11. b3 b6 12. Rb1 g6 13. Rb2 Ne8 14. a3 Ng7 15. b4
Bf5 16. Qd1 axb4 17. axb4 Ne4 18. Nxe4 Bxe4 19. Nd2 Bf5 20. f4 exf4 21. Nb3 Bf6
22. Nd4 Ra1 23. Rd2 Qe8 24. Nb3 Ra4 25. Bd3 Rxb4 26. Ra2 Bxd3 27. Qxd3 b5 28.
Na5 bxc4 29. Qa3 Bd4+ 30. Kh1 Bc5 31. Qf3 Ra4 32. Re2 Be3 33. Nc6 Ra1 34. Bxe3
Rxf1+ 35. Qxf1 fxe3 36. Qf4 Nh5 37. Qxc4 f5 38. Kg1 f4 39. Qb4 f3 40. gxf3 Nf4
41. Re1 e2 42. Qe4 Qd7 43. Ne7+ Kg7 44. Qd4+ Kh6 45. Ng8+ Kh5 46. Nf6+ Rxf6 47.
Qxf6 Qa7+ 48. Kh1 Qf2 49. Qxf4 Qf1+ 50. Rxf1 exf1=Q# 0-1

[Event "SV Mülheim-Nord 2 - SVG Plettenberg 1"]
[Site "Oberliga NRW 2014/2015"]
[Date "2014.10.05"]
[Round "2.3"]
[White "Klip, Hans"]
[Black "Smith, Thijmen"]
[Result "1-0"]
[WhiteElo "2316"]
[BlackElo "2215"]
[PlyCount "95"]
[EventDate "2014.??.??"]
[WhiteTeam "SVG Plettenberg 1"]
[BlackTeam "SV Mülheim-Nord 2"]

1. e4 c5 2. Nf3 d6 3. Bb5+ Bd7 4. a4 a6 5. Bxd7+ Qxd7 6. O-O Nc6 7. d3 e6 8.
Nbd2 Nf6 9. Nc4 Qd8 10. a5 Be7 11. Bf4 d5 12. exd5 Nxd5 13. Bg3 O-O 14. Re1 Nd4
15. Nxd4 cxd4 16. Be5 Bf6 17. Qg4 Bxe5 18. Rxe5 Nb4 19. Ra4 Nc6 20. Re2 Qc7 21.
Qg5 Rad8 22. Nb6 e5 23. Qd2 f6 24. h3 Kh8 25. Rc4 Qf7 26. Na4 Rc8 27. b3 Na7
28. Nb6 Rc6 29. f4 exf4 30. Rxd4 f3 31. gxf3 Qh5 32. Qf4 Qxa5 33. Nc4 Qc5 34.
Kh2 Nb5 35. Rd7 Nc3 36. Qg3 Qg5 37. Qxg5 fxg5 38. Ree7 Rh6 39. Ne5 Rh5 40. Rf7
Re8 41. Rde7 Ra8 42. Rxb7 Ne2 43. Rxg7 Nf4 44. Rxg5 Rxg5 45. Nf7+ Kg8 46. Nxg5
Rc8 47. c4 h6 48. Nf7 1-0

[Event "SV Mülheim-Nord 2 - SVG Plettenberg 1"]
[Site "Oberliga NRW 2014/2015"]
[Date "2014.10.05"]
[Round "2.4"]
[White "Wittenberg, Andreas"]
[Black "Bouaraba, Max"]
[Result "0-1"]
[WhiteElo "2167"]
[BlackElo "2192"]
[PlyCount "80"]
[EventDate "2014.??.??"]
[WhiteTeam "SV Mülheim-Nord 2"]
[BlackTeam "SVG Plettenberg 1"]

1. d4 Nf6 2. Nf3 d5 3. c4 e6 4. g3 c6 5. b3 Ne4 6. Bg2 Bb4+ 7. Nbd2 dxc4 8.
bxc4 Bc3 9. Rb1 Nxd2 10. Bxd2 Bxd4 11. Bb4 Bf6 12. Qc2 Nd7 13. O-O c5 14. Bd2
O-O 15. Rfd1 Qc7 16. Qa4 Nb6 17. Qb3 Bd7 18. Ba5 Bc6 19. Qe3 Qe7 20. Bxb6 axb6
21. Rxb6 Rxa2 22. Rdb1 Qd6 23. Ne1 Bd8 24. R6b3 Bxg2 25. Kxg2 b6 26. Nf3 Qc6
27. Kg1 Bc7 28. Rb5 Rd8 29. Ne5 Qd6 30. Nf3 Rda8 31. Qe4 f5 32. Qe3 e5 33. R5b2
Rxb2 34. Rxb2 Qd1+ 35. Kg2 Ra1 36. Nd2 Qh1+ 37. Kh3 Qc6 38. Qc3 Rg1 39. Qe3
Qg2+ 40. Kh4 Bd8+ 0-1

[Event "SV Mülheim-Nord 2 - SVG Plettenberg 1"]
[Site "Oberliga NRW 2014/2015"]
[Date "2014.10.05"]
[Round "2.5"]
[White "Schulze, Marc"]
[Black "Buckels, Valentin"]
[Result "0-1"]
[WhiteElo "2074"]
[BlackElo "2139"]
[PlyCount "74"]
[EventDate "2014.??.??"]
[WhiteTeam "SVG Plettenberg 1"]
[BlackTeam "SV Mülheim-Nord 2"]

1. d4 Nf6 2. Bf4 e6 3. Nf3 b6 4. e3 Bb7 5. Bd3 Be7 6. Nbd2 d5 7. c3 Nbd7 8. Ne5
a6 9. Ndf3 h6 10. Qe2 c5 11. Nxd7 Nxd7 12. Ne5 Bf6 13. Qh5 Nxe5 14. Bxe5 Qe7
15. f4 O-O-O 16. O-O Bxe5 17. fxe5 f5 18. exf6 gxf6 19. Qh4 Rdf8 20. dxc5 Qxc5
21. Rae1 f5 22. Qd4 Rhg8 23. Rf2 Qd6 24. Qa4 Rg4 25. Rf4 b5 26. Qb4 Qxb4 27.
cxb4 Rfg8 28. Re2 Kd7 29. b3 Kd6 30. a4 Bc6 31. axb5 Bxb5 32. Bxb5 axb5 33. Ra2
Ke5 34. g3 Rxf4 35. exf4+ Kd4 36. Rc2 Kd3 37. Rc6 Rd8 0-1

[Event "SV Mülheim-Nord 2 - SVG Plettenberg 1"]
[Site "Oberliga NRW 2014/2015"]
[Date "2014.10.05"]
[Round "2.6"]
[White "Nachbar, Benjamin"]
[Black "Gutheil, Heinrich"]
[Result "1-0"]
[WhiteElo "2159"]
[BlackElo "2137"]
[Annotator "Hausrath,Daniel"]
[PlyCount "101"]
[EventDate "2014.??.??"]
[WhiteTeam "SV Mülheim-Nord 2"]
[BlackTeam "SVG Plettenberg 1"]

1. c4 g6 2. e4 Bg7 3. d4 Nc6 4. Be3 e5 5. dxe5 Nxe5 6. Nc3 Ne7 7. f4 N5c6 8.
Rc1 O-O 9. c5 Re8 10. Kf2 b6 11. Nf3 bxc5 12. Bxc5 Rb8 13. b3 d6 14. Be3 Nb4
15. a3 Nbc6 16. b4 h6 17. Bc4 Be6 18. Bxe6 fxe6 19. Qb3 Qd7 20. Rhd1 Kh7 21. b5
Nd8 22. Bxa7 Ra8 23. Bd4 Nb7 24. Bxg7 Kxg7 25. Qb2 Kh7 26. e5 Nc5 27. Qb4 Rad8
28. Qxc5 dxc5 29. Rxd7 Rxd7 30. Ne4 Nd5 31. g3 Ra8 $11 32. Nxc5 Re7 33. a4 Nb6
34. Ra1 Nd7 35. Ne4 c6 36. bxc6 Nb8 37. Nd4 Ra6 38. Rc1 Rc7 39. Nc5 Raxc6 40.
Nxc6 Rxc6 41. a5 Na6 42. Nb3 Rxc1 43. Nxc1 g5 44. Kf3 Kg6 45. g4 gxf4 46. h4 h5
47. Kxf4 hxg4 48. Kxg4 Nc5 49. h5+ Kh6 50. Kh4 Nd7 51. a6 1-0

[Event "SV Mülheim-Nord 2 - SVG Plettenberg 1"]
[Site "Oberliga NRW 2014/2015"]
[Date "2014.10.05"]
[Round "2.7"]
[White "Pieper, Dawid"]
[Black "Bus, Tom"]
[Result "1/2-1/2"]
[WhiteElo "2132"]
[BlackElo "2099"]
[PlyCount "131"]
[EventDate "2014.??.??"]
[WhiteTeam "SVG Plettenberg 1"]
[BlackTeam "SV Mülheim-Nord 2"]

1. e4 c5 2. Nf3 Nc6 3. Bb5 d6 4. O-O Bd7 5. c3 a6 6. Bxc6 Bxc6 7. Re1 Nf6 8. d4
e6 9. d5 Bd7 10. a4 Be7 11. c4 e5 12. Nc3 Qc7 13. Rb1 O-O 14. Nd2 Rab8 15. b4
cxb4 16. Rxb4 Ng4 17. Qe2 Bh4 18. g3 Bg5 19. h3 Nxf2 20. Qxf2 Bxh3 21. Nf3 Bxc1
22. Rxc1 Bg4 23. Nh4 g6 24. Nd1 Bxd1 25. Rxd1 a5 26. Rb2 f5 27. exf5 Qxc4 28.
f6 Qxa4 29. Rbd2 Rf7 30. Rf1 Rbf8 31. Qb6 Qa3 32. Kg2 Qc3 33. Rdf2 Qa3 34. Rf3
Qa2+ 35. R3f2 Qxd5+ 36. Kh2 a4 37. Ng2 Qe6 38. Ne3 Rxf6 39. Rxf6 Rxf6 40. Qd8+
Kg7 41. Rxf6 Qxf6 42. Qd7+ Kg8 43. Ng4 Qf8 44. Qxa4 h5 45. Ne3 Qf2+ 46. Ng2 Qf7
47. Kg1 Kg7 48. Qb4 Qc7 49. Kh2 Qc6 50. Qh4 Qd7 51. Qe4 Qc6 52. Qh4 Kf7 53. Qg5
Qe4 54. Qd8 Qc6 55. Qh8 Qe4 56. Qd8 Qc6 57. Qh8 b5 58. Qh7+ Kf6 59. Qh8+ Kf7
60. Qh7+ Kf8 61. Nh4 Qc2+ 62. Kh3 Ke8 63. Nxg6 Qf5+ 64. Kg2 Qc2+ 65. Kh3 Qf5+
66. Kg2 1/2-1/2